Kentucky Cities: Sudden Death - Statistics

General Stats
  • This quiz has been taken 379 times
  • The average score is 7 of 10
Answers on the Grid
Answers color-coded by a green-red scale on the quiz's grid according to % correct below.
Evansville
Lexington
Covington
Plymouth
Muncie
Toledo
Louisville
Harper Valley
Owensboro
Joliet
Georgetown
Richmond
Asbury Park
Indianapolis
St. Augustine
Cleveland
Florence
Fort Wayne
Bowling Green
Leeds
Salt Lake City
Elizabethtown
Hopkinsville
Milwaukee
Memphis
 
Answer Stats
Answer % Correct
Lexington
98%
Louisville
90%
Covington
80%
Owensboro
80%
Bowling Green
79%
Elizabethtown
71%
Hopkinsville
66%
Georgetown
60%
Florence
57%
Richmond
55%
No matching quizzes found
Score Distribution
Percent of People with Each Score
Percentile by Number Answered
Your Score History
You have not taken this quiz